Máximas (Record no. 185694)

MARC details
000 -LEADER
campo de control de longitud fija 00966nam a2200265 i 4500
001 - NÚMERO DE CONTROL
campo de control 185694
003 - IDENTIFICADOR DE NÚMERO DE CONTROL
campo de control SpMaBN
005 - FECHA Y HORA DE LA ÚLTIMA TRANSACCIÓN
campo de control 20250929063305.0
008 - DATOS DE LONGITUD FIJA--INFORMACIÓN GENERAL
campo de control de longitud fija 160803s1994 sp |||| |dspa d
020 ## - NÚMERO INTERNACIONAL ESTÁNDAR DEL LIBRO
Número Internacional Estándar del Libro 84-350-9132-5
080 ## - NÚMERO DE LA CLASIFICACIÓN DECIMAL UNIVERSAL
Número de la Clasificación Decimal Universal 821.133.1-84"16"
100 1# - ENTRADA PRINCIPAL--NOMBRE DE PERSONA
Nombre de persona La Rochefoucauld, François,
Títulos y otros términos asociados al nombre duc de
9 (RLIN) 138636
245 10 - MENCIÓN DEL TÍTULO
Título Máximas
Resto del título : reflexiones o sentencias y máximas morales /
Mención de responsabilidad, etc. François de La Rochefoucauld ; introducción, traducción y notas de Carlos Pujol ; epílogo de Giovanni Maccia.
250 ## - MENCION DE EDICION
Mención de edición 1ª ed.
260 ## - PUBLICACIÓN, DISTRIBUCIÓN, ETC.
Lugar de publicación, distribución, etc. Barcelona :
Nombre del editor, distribuidor, etc. Edhasa,
Fecha de publicación, distribución, etc. 1994.
300 ## - DESCRIPCIÓN FÍSICA
Extensión 166 p. ;
Dimensiones 19 cm.
490 1# - MENCIÓN DE SERIE
Mención de serie Aforismos ;
Designación de volumen o secuencia 7
500 ## - NOTA GENERAL
Nota general Índice.
504 ## - NOTA DE BIBLIOGRAFÍA, ETC.
Nota de bibliografía, etc. Bibliografía: p. [153]-155.
650 04 - PUNTO DE ACCESO ADICIONAL DE MATERIA--TÉRMINO DE MATERIA
Término de materia o nombre geográfico como elemento de entrada Ética-
Subdivisión de forma Máximas y aforismos.
9 (RLIN) 12582
700 1# - ENTRADA AGREGADA--NOMBRE PERSONAL
Nombre de persona Pujol, Carlos,
Fechas asociadas al nombre 1936-2012
9 (RLIN) 94332
830 0# - PUNTO DE ACCESO ADICIONAL DE SERIE-TÍTULO UNIFORME
Título uniforme Aforismos ;
Designación de volumen o secuencia 7
9 (RLIN) 180594
852 ## - LOCALIZACIÓN
Ubicación ES-MaACL
Número de control de estantería L-30497
Nota libre - Enc. cart.
-- . - Donat. Miguel A. Velasco
Holdings
Estatus retirado Estado de pérdida Estado de daño No para préstamo Biblioteca de origen Biblioteca actual Ubicación en estantería Fecha de adquisición Fuente de adquisición Total de préstamos Signatura topográfica completa Código de barras Visto por última vez Precio de reemplazo Tipo de ítem Koha
        Biblioteca del Ateneo de Madrid Biblioteca del Ateneo de Madrid Depósito 2 03/08/2016     L-30497 1195745 23/02/2023 23/02/2023 Libro impreso